000 00729nam a22002177a 4500
999 _c181847
_d181847
005 20211007111624.0
010 _aB-741711
020 _a9789353791032
_c350.00
035 _aB-741711
037 _aGift
082 _aN
100 _aBhatia,H.S.
245 _aM.E.G.-3,British Novel /
_cH.S. Bhatia & N.K.Mangla
260 _a Delhi
_bNeeraj Publications
_c202?
270 _a1507,Ist Floor,Nai Sarak
_b Delhi
_e110006
_k011-23260329,45704411, 23244362, 23285501
_minfo@neerajignoubooks.com
300 _a275p.
_c24cm(pbk)
500 _aI.G.N.O.U. Based Queation Bank Cum Chapterwise Reference Book
700 _aMangla, N.K.
942 _2ddc
_cEN
_mBHA
_hN